En los zapatos de Valeria (Record no. 4745)

MARC details
000 -CABECERA
campo de control de longitud fija 01653nam a2200289 i 4500
001 - NÚMERO DE CONTROL
campo de control 991000124599706706
005 - FECHA Y HORA DE LA ÚLTIMA TRANSACCIÓN
campo de control 20250616135824.0
008 - DATOS DE LONGITUD FIJA--INFORMACIÓN GENERAL
campo de control de longitud fija 200904e202005 spc|||| |||| 0|0 f spa|
015 ## - NÚMERO DE BIBLIOGRAFÍA NACIONAL
Número de bibliografía nacional LL2020
Fuente bnc
017 ## - NÚMERO DE COPYRIGHT O DE DEPÓSITO LEGAL
Número de copyright o de depósito legal DL B 4148-2020
Agencia que asigna Biblioteca de Catalunya
020 ## - NÚMERO INTERNACIONAL ESTÁNDAR DEL LIBRO
Número Internacional Estándar del Libro 9788491294931
035 ## - NÚMERO DE CONTROL DEL SISTEMA
Número de control de sistema (ES-BaCBU).b74419778
040 ## - FUENTE DE LA CATALOGACIÓN
Centro catalogador/agencia de origen ES-BaBC
Lengua de catalogación eng
Normas de descripción rda
Centro/agencia transcriptor ES-BaBC
041 ## - CÓDIGO DE LENGUA
Código de lengua del texto/banda sonora o título independiente Spanish
100 ## - ENTRADA PRINCIPAL--NOMBRE DE PERSONA
Nombre de persona Benavent, Elísabet,
Fechas asociadas al nombre 1984-
Término indicativo de función/relación author
245 10 - MENCIÓN DE TÍTULO
Título En los zapatos de Valeria
Mención de responsabilidad, etc. / Elísabet Benavent
250 ## - MENCIÓN DE EDICIÓN
Mención de edición First edition
250 ## - MENCIÓN DE EDICIÓN
Mención de edición Special edition
264 #1 - PRODUCCIÓN, PUBLICACIÓN, DISTRIBUCIÓN, FABRICACIÓN Y COPYRIGHT
Producción, publicación, distribución, fabricación y copyright [Barcelona] :
Nombre del de productor, editor, distribuidor, fabricante Suma de Letras,
Fecha de producción, publicación, distribución, fabricación o copyright 2020
300 ## - DESCRIPCIÓN FÍSICA
Extensión 396 pages ;
Dimensiones 24 cm
500 ## - NOTA GENERAL
Nota general On the cover: "Netflix. A Netflix Original Series
520 ## - SUMARIO, ETC.
Sumario, etc. Valeria es escritora de historias de amor.<br/>Valeria vive el amor de forma sublime.<br/>Valeria tiene tres amigas: Nerea, Carmen y Lola.<br/>Valeria vive en Madrid.<br/>Valeria ama a Adrián hasta que conoce a Víctor.<br/>Valeria necesita sincerarse consigo misma.<br/>Valeria llora, Valeria ríe, Valeria camina...<br/>Pero el sexo, el amor y los hombres no son objetivos fáciles.<br/>Valeria es especial.<br/>Como tú.
520 ## - SUMARIO, ETC.
Sumario, etc. Valeria writes love stories.<br/>Valeria experiences love in the most sublime way.<br/>Valeria has three friends: Nerea, Carmen and Lola.<br/>Valeria lives in Madrid.<br/>Valeria loves Adrián — until she meets Víctor.<br/>Valeria needs to be honest with herself.<br/>Valeria cries, Valeria laughs, Valeria walks...<br/>But sex, love and men are never easy targets.<br/>Valeria is special.<br/>Just like you.
650 #0 - PUNTO DE ACCESO ADICIONAL DE MATERIA--TÉRMINO DE MATERIA
Término de materia o nombre geográfico como elemento de entrada Female friendship – Fiction
9 (RLIN) 25456
650 #0 - PUNTO DE ACCESO ADICIONAL DE MATERIA--TÉRMINO DE MATERIA
Término de materia o nombre geográfico como elemento de entrada Love stories – Fiction
9 (RLIN) 25457
942 ## - ELEMENTOS DE ENTRADA AGREGADA (KOHA)
Fuente del sistema de clasificación o colocación Clasificación de Library of Congress
Holdings
Estado de retiro Estado de pérdida Fuente del sistema de clasificación o colocación Estado dañado No para préstamo Biblioteca de origen Biblioteca actual Fecha de adquisición Total de préstamos Signatura topográfica completa Código de barras Fecha visto por última vez Número de copia Precio válido a partir de Tipo de ítem Koha
    Clasificación de Library of Congress     TBS Barcelona TBS Barcelona 29/09/2025   P-SP BEN B06041 29/09/2025 1 29/09/2025 Book

Powered by Koha